[Event "POL-chT 2nd League"]
[Site "Lazy"]
[Date "2012.09.03"]
[Round "3"]
[White "Zielinski, Wojciech"]
[Black "Markiewicz, Mateusz"]
[Result "1/2-1/2"]
[WhiteElo "2097"]
[BlackElo "2067"]
[PlyCount "95"]
[EventDate "2012.09.01"]
[EventType "team-swiss"]
[EventRounds "9"]
[EventCountry "POL"]
[SourceTitle "EXT 2019"]
[Source "ChessBase"]
[SourceDate "2018.10.10"]
[SourceVersion "1"]
[SourceVersionDate "2018.10.10"]
[SourceQuality "1"]
[WhiteTeam "Kolbudy UKS Zawisza"]
[BlackTeam "Pilzno GKSz Hetman"]
[WhiteTeamCountry "POL"]
[BlackTeamCountry "POL"]

1. e4 c5 2. Nf3 Nf6 3. Nc3 d5 4. exd5 Nxd5 5. Bc4 Nxc3 6. bxc3 Bf5 7. Ne5 e6 8. Bb5+ Ke7 9. 0-0 a6 10. Qf3 Qd5 11. Qxd5 exd5 12. Be2 Nd7 13. Nxd7 Kxd7 14. Bf3 Be6 15. c4 dxc4 16. Rb1 Rb8 17. Rxb7+ Rxb7 18. Bxb7 Kc7 19. Bf3 Be7 20. Bb2 Bf6 21. Ba3 Rd8 22. Rd1 c3 23. Bxc5 cxd2 24. Bb4 Kc8 25. Rxd2 Rxd2 26. Bxd2 Bxa2 27. Ba5 Bc4 28. Bc6 Bd8 29. Bc3 f6 30. g4 Kc7 31. Be4 h6 32. Ba5+ Kd7 33. Bc3 a5 34. h4 a4 35. Bb4 Be7 36. Bc6+ Kxc6 37. Bxe7 Be2 38. Bf8 g6 39. Bxh6 Bxg4 40. Bg7 f5 41. Kg2 Bd1 42. Kg3 Bxc2 43. Kf4 Bd1 44. Ke3 Kd5 45. Kd2 Bb3 46. Kc3 Ke4 47. Kb2 Kd3 48. Bf6 1/2-1/2